Narciarstwo Alpejskie - Najlepsze Kraje na IO w XXI wieku - Statystyki

Ogólne statystyki
  • Ten quiz został rozwiązany 31 razy
  • Średni wynik to 9 z 10
Statystyki odpowiedzi
🥇 🥈 🥉 Kraj % Poprawnych
17x 19x 18x Austria
97%
9x 9x 7x Stany Zjednoczone
97%
15x 8x 12x Szwajcaria
97%
4x 7x 4x Francja
93%
6x 9x 10x Norwegia
93%
5x 5x 7x Włochy
93%
4x 4x 2x Niemcy
90%
2x 3x - Słowenia
79%
4x 2x 7x Szwecja
79%
4x 6x - Chorwacja
59%
Nie znaleziono quizów pasujących do podanych kryteriów
Rozkład punktacji
Procent ludzi z każdym wynikiem
Percentyl według liczby udzielonych odpowiedzi
Twoja historia wyników
Nie rozwiązałeś tego quizu